Popular dog names that are also popular baby names Quiz Stats

 Plays Quiz not verified by Sporcle

Challenge
Share
Tweet
Embed
Score 0/11 Timer 04:00
0 Plays Today
% Correct
???
57.9%
???
56.8%
???
51.4%
???
48.6%
???
47.5%
???
46.3%
???
44.8%
???
43.6%
???
32.8%
???
29.3%
???
17.8%

You're not logged in!

Compare scores with friends on all Sporcle quizzes.
OR
Log In

You Might Also Like...

Show Comments

Extras

Created Jan 3, 2013SourceReportNominate
Tags:Popular Quiz, baby, dog, name, pet, puppy

Top Quizzes Today


Score Distribution

Your Account Isn't Verified!

In order to create a playlist on Sporcle, you need to verify the email address you used during registration. Go to your Sporcle Settings to finish the process.

Report this User

Report this user for behavior that violates our Community Guidelines.

Details: